00546 2200193 4500001002100000005001800021008004100039020001800080035002400098090001800122100001600140245008000156250001100236260003100247300003000278650001400308850001500322999001500337YOGYA-1010000000077920101002091904887 ind  a979-413-835-5 0010-101000000000779 aDEP 153 Dwi B aDwijawiyata aBuku kerja menggunting dan menempel: pengembangan fantasi dan daya cipta TK aCet. 1 aYogyakartabKanisiusc1993 a80 hlm . : ilus . ; 21 cm aImajinasi aYOPDYOG[B] a93CBD11268